00462nam a22001457a 4500020001800000082001700018100001700035245002500052260007000077300000800147650002900155942000700184952010800191999001700299 a9788193110706 a230.0954 GEO aGeorge, P.G. aRecllaiming Manyness aSerampore, West BengalbSATHRI, Senate of Serampore Collegec2015 a208 aTheology-Christian-India cBK 001040708NFICaHMIbHMIcGENd2021-09-30g300.00l0o230.0954 GEOp25841r2021-10-29w2021-10-29yBK c23195d23195